000 03399ncm2a2200433 4500
001 RU\NLR\ONIZ\305016
005 20251123121205.0
035 _a(NLR Aleph) 022668528
090 _a13467927
_c13467927
100 _a20241025d2024 u y0rusy50 ca
101 0 _arus
145 0 _aa
200 1 _aМузыкальный фольклор Жирятинского и Севского районов в записях В. Л. Живова 1962 года
_bНоты
_eиз фондов Научного центра народной музыки имени К. В. Квитки МГК им. П. И. Чайковского
_eпесенный сборник с медиаприложением на DVD
_fсост., предисл., коммент., подгот. текстов Е. В. Битеряковой
_gнауч. статья О. В. Гордиенко ; фонограммы оцифровал К. С. Васин, сост. и монтаж Л. П. Маховой
203 _aМузыка
_bзнаковая
_bвизуальная
_cнепосредственная
210 _d2024
_gцифровая типография "Аверс"
_eБрянск
215 _a99, [1] с.
_cил., фото, фотопортр.
_eDVD
313 _aСистематизация документа проведена по изданию - Методика классифицирования музыкальных произведений (нотных изданий) по таблицам Библиотечно-библиографических классификаций : метод. рекомендации / Гос. б-ка СССР им. В.И. Ленина.- М., 1977. Индексу ББК методических рекомендаций присваивается код ББК для научных библиотек - LBC/SL
461 0 _1001RU\NLR\ONIZ\304936
_12001#$aАнтология фольклора Брянской области$bНоты$vВып. 7
_913467925
_cБрянск
_d2004-
_n[б. и.]
_tАнтология фольклора Брянской области: Ноты
_vВып. 7
686 0 _aЩ92(2Р=Рус)-4 Брянская область
686 0 _aЩ92(2Р=Рус)-5 Брянская область
702 1 _9z14790
_aЖивов
_bВ. Л.
_f1938-
_gВладимир Леонидович
_4570
_7ca
702 1 _9z15790
_aБитерякова
_bЕ. В.
_gЕлена Викторовна
_4220
_4075
_4340
_7ca
702 1 _9z16790
_aГордиенко
_bО. В.
_f1950-
_gОлег Васильевич
_4080
_7ca
702 1 _9z17790
_aВасин
_bК. С.
_f2-я пол. 20 в.-
_gКонстантин Сергеевич
_4570
_7ca
702 1 _9z18790
_aМахова
_bЛ. П.
_gЛюдмила Петровна
_4220
790 1 _9z14702
_aŽivov
_bV.
_f1938-
_gVladimir
_4570
_7ba
790 1 _9z15702
_aBiterjakova
_bE. V.
_gElena Viktorovna
_4220
_4075
_4340
_7ba
790 1 _9z16702
_aGordienko
_bO. V.
_f1950-
_gOleg Vasil`evič
_4080
_7ba
790 1 _9z17702
_aVasin
_bK. S.
_f2-я пол. 20 в.-
_gKonstantin Sergeevič
_4570
_7ba
790 1 _9z18702
_aMachova
_bL. P.
_gLjudmila Petrovna
_4220
_7ba
801 0 _aRU
_bNLR
_c20241025
_gPSBO
801 1 _aRU
_bNLR
_c20241025
_2rusmarc
801 2 _aRU
_bNLR
_c20251117
852 _aNLR
_gМ
_j985-3/211(7)а
_mМОЭ 47822
_t2
852 _aNLR
_gМ
_j985-3/211(7)
_mМОЭ 47821
_t1
942 _cSCORE
980 _aONIZ
980 _aNB